| 000 | 00511nam a2200217Ia 4500 | ||
|---|---|---|---|
| 008 | 210210b2011 xxu||||| |||| 00| 0 eng d | ||
| 020 | _a8121910218 | ||
| 041 | _aeng | ||
| 082 | _a368 MISI | ||
| 100 | _aMISHRA (M N) | ||
| 245 | _aInsurance: principles and practice | ||
| 260 |
_aNew Delhi _bS. Chand & Co. Ltd. _c2011 |
||
| 300 | _a807 | ||
| 650 | _aprinciples | ||
| 650 | _apractice | ||
| 650 | _aInsurance: | ||
| 650 | _aand | ||
| 690 | _aInsurance | ||
| 700 | _aMISHRA (S B) | ||
| 906 | _a065777 | ||
| 999 |
_c146485 _d146485 |
||